International trade and climate change (Record no. 218467)
[ view plain ]
| 000 -LEADER | |
|---|---|
| fixed length control field | 01384nam a2200337 a 4500 |
| 082 04 - DEWEY DECIMAL CLASSIFICATION NUMBER | |
| Classification number | 382 |
| 245 00 - TITLE STATEMENT | |
| Title | International trade and climate change |
| 260 ## - PUBLICATION, DISTRIBUTION, ETC. (IMPRINT) | |
| Place of publication | Washington D.C. : |
| Name of publisher | World Bank, |
| Year of publication | c2008. |
| 300 ## - PHYSICAL DESCRIPTION | |
| Number of Pages | xii, 144 p. : |
| Other physical details | ill. |
| 490 1# - SERIES STATEMENT | |
| Series statement | Environment and development (Washington, D.C.) |
| 650 #0 - SUBJECT ADDED ENTRY--TOPICAL TERM | |
| Topical Term | International trade |
| Topical Term | Climatic changes |
| 856 40 - ELECTRONIC LOCATION AND ACCESS | |
| Uniform Resource Identifier | http://site.ebrary.com/lib/rucke/Doc?id=10197127 |
No items available.
